| 000 | 00346nam a22001337a 4500 | ||
|---|---|---|---|
| 020 | _qPB. | ||
| 040 | _cFIZZA ISHAQ | ||
| 082 |
_a332 _bGEO |
||
| 100 |
_aCLASON,S.GEORGES. _9132729 |
||
| 245 |
_aTHE RICHEST MAN IN BABYLON / _cGEORGE S.CLASON. |
||
| 260 |
_aNEW YORK; _bHAWTHORN/DUTTON. _c1955. |
||
| 300 |
_a158 P. ; _c8.1X5.4IN |
||
| 942 |
_2ddc _cBK |
||
| 999 |
_c615784 _d615784 |
||